000 00645cab a2200217 4500
001 ABS55632
008 090401t1996 xxu||||| |||| 00| 0 eng d
035 _a(Sirsi) u17664
041 _aeng
100 _aLeigh, I.
245 _aHow the cessation time-bomb could be ticking for you
260 _c1996
350 _a0
490 _aCSM (Chartered Surveyor Monthly)
_v5(10) July/August 1996, 48(1)
520 _aAdvises on the accounting mechanisms concerning cessation, in the Inland Revenue`s self-assessment scheme.
650 _aCESSATION
650 _aSELF-ASSESSMENT
690 _aTAXATION
942 _n0
948 _c04/03/1997
999 _c11713
_d11713